Peter Norton's Maximizing Windows 98 Administration / (Record no. 175721)
[ view plain ]
| 000 -LEADER | |
|---|---|
| fixed length control field | 00785 a2200193 4500 |
| 003 - CONTROL NUMBER IDENTIFIER | |
| control field | NUST |
| 005 - DATE AND TIME OF LATEST TRANSACTION | |
| control field | 20230602152822.0 |
| 020 ## - INTERNATIONAL STANDARD BOOK NUMBER | |
| International Standard Book Number | 0672312182 |
| 040 ## - CATALOGING SOURCE | |
| Transcribing agency | Nust |
| 082 ## - DEWEY DECIMAL CLASSIFICATION NUMBER | |
| Classification number | 005.43,NOR |
| 100 ## - MAIN ENTRY--PERSONAL NAME | |
| Personal name | Norton, Peter |
| 9 (RLIN) | 5031 |
| 245 ## - TITLE STATEMENT | |
| Title | Peter Norton's Maximizing Windows 98 Administration / |
| Statement of responsibility, etc. | Peter Norton |
| 260 ## - PUBLICATION, DISTRIBUTION, ETC. | |
| Place of publication, distribution, etc. | New Delhi |
| Name of publisher, distributor, etc. | Techmedia |
| Date of publication, distribution, etc. | 1998 |
| 300 ## - PHYSICAL DESCRIPTION | |
| Extent | xxiv, 582p.; |
| 505 ## - FORMATTED CONTENTS NOTE | |
| Formatted contents note | Preparing To Run Windows 98 (Page-1,) Understanding The Windows 98 Architecture (Page-75), Configuring Windows 98 Clients (Page-115), Tuning Windows 98 (Page-157),Securing Windows 98 (Page-259), Participating On Intranets And Internets (Page-323), Troubleshooting Windows 98 (Page-391). |
| 650 ## - SUBJECT ADDED ENTRY--TOPICAL TERM | |
| Topical term or geographic name entry element | Windows 98 |
| 9 (RLIN) | 75437 |
| 700 ## - ADDED ENTRY--PERSONAL NAME | |
| Personal name | Houlette, Forrest |
| 9 (RLIN) | 112969 |
| 942 ## - ADDED ENTRY ELEMENTS (KOHA) | |
| Source of classification or shelving scheme | |
| Koha item type | Book |
| Call number prefix | 005.43,NOR |
| Withdrawn status | Lost status | Source of classification or shelving scheme | Damaged status | Not for loan | Permanent Location | Current Location | Shelving location | Date acquired | Full call number | Barcode | Date last seen | Price effective from | Koha item type | Public note |
|---|---|---|---|---|---|---|---|---|---|---|---|---|---|---|
| Military College of Signals (MCS) | Military College of Signals (MCS) | General Stacks | 12/12/2016 | 005.43,NOR | MCS26953 | 12/08/2016 | 12/12/2016 | Book | Almirah No.81, Shelf No.1 |
